000 01121nam a22002417a 4500
005 20101006140727.0
008 101006t xxu||||| |||| 00| 0 mar d
010 _aMAR-20342
020 _a9788184981292
_c150.00
035 _aMR-13000
037 _bDBAD / PUB
040 _aDPL
_bMR
082 _a181.499
100 _aओशो
_923013
245 _aमीरेच्या प्रेमतीर्थावर /
_cओशो : स्वाती चांदोरकर द्वारा अनुवादित
246 _aMeerechya Premthirthwar
_bby Osho
260 _aपुणे
_bमेहता पब्लिंशिग हाऊस
_c2010
270 _a1941, सदाशिव पेठ
_bपुणे
_e411030
300 _aसात,176पृ
_c21सेमी (अजिल्द)
600 _aचांदोरकर,स्वाती
_923017
942 _2ddc
_cMR
_h181.499
_mओशोमी
999 _c48241
_d48241